Comparative Studies on the Performances of Jalshakti and Organic Mulch in Economising Irrigation on Tomato (Solanum lycopersicum Mill.) (Record no. 50213)

MARC details
000 -LEADER
fixed length control field 00529nam a22001697a 4500
003 - CONTROL NUMBER IDENTIFIER
control field OSt
008 - FIXED-LENGTH DATA ELEMENTS--GENERAL INFORMATION
fixed length control field 260427b |||||||| |||| 00| 0 eng d
082 ## - DEWEY DECIMAL CLASSIFICATION NUMBER
Classification number 635.642
Item number T29C
100 ## - MAIN ENTRY--PERSONAL NAME
Personal name Tewary, Hare Krishna
245 ## - TITLE STATEMENT
Title Comparative Studies on the Performances of Jalshakti and Organic Mulch in Economising Irrigation on Tomato (Solanum lycopersicum Mill.)
260 ## - PUBLICATION, DISTRIBUTION, ETC. (IMPRINT)
Place of publication, distribution, etc Pusa, Samastipur
Name of publisher, distributor, etc RAU
Date of publication, distribution, etc 1993
300 ## - PHYSICAL DESCRIPTION
Extent 80P.
502 ## - DISSERTATION NOTE
Degree type Msc.
Year degree granted 1993
650 ## - SUBJECT ADDED ENTRY--TOPICAL TERM
Topical term or geographic name as entry element Vegetables & Floriculture
650 ## - SUBJECT ADDED ENTRY--TOPICAL TERM
Topical term or geographic name as entry element Horticulture
942 ## - ADDED ENTRY ELEMENTS (KOHA)
Source of classification or shelving scheme
Koha item type Thesis
Holdings
Withdrawn status Lost status Source of classification or shelving scheme Damaged status Not for loan Home library Current library Date acquired Total Checkouts Full call number Barcode Date last seen Bill Date Koha item type
          Dr. Rajendra Prasad Central Agricultural University Pusa, Dr. Rajendra Prasad Central Agricultural University Pusa, 27/04/2026   635.642 T29C 44467 27/04/2026 27/04/2026 Thesis
Hosted, Implemented, Customized & Maintained by: BestBookBuddies

Powered by Koha